LEADER 00992nam0-2200337---450 001 990009931080403321 005 20230417155104.0 035 $a000993108 035 $aFED01000993108 035 $a(Aleph)000993108FED01 035 $a000993108 100 $a20150120d1978----km-y0itay50------ba 101 1 $aita$ceng 102 $aIT 105 $a--------001yy 200 1 $a<>libro del te'$e<>zen e il sorriso del filosofo$fOkakura Kakuzo$gprefazionee traduzione di Pietro Verni 210 $aMilano$cSugarCo edizioni$d1978 215 $a94 p.$d18 cm 454 0$12001$a<>book of tea$939253 610 0 $aTè$aAspetti filosofici 610 0 $aGiappone$aVita sociale e costumi 676 $a394$v22$zita 676 $a181.12$v22$zita 700 1$aKakuzo,$bOkakura$0524439 801 0$aIT$bUNINA$gRICA$2UNIMARC 901 $aBK 912 $a990009931080403321 952 $aDIC / KAK 1$fBFS$b1306 959 $aBFS 996 $aBook of tea$939253 997 $aUNINA LEADER 01766nas 2200385 n 450 001 990008902560403321 005 20240229084344.0 011 $a1722-1315 035 $a000890256 035 $aFED01000890256 035 $a(Aleph)000890256FED01 035 $a000890256 091 $2CNR$aP 00139783 100 $a20090724b18891903km-y0itaa50------ba 101 0 $aita 102 $aIT 110 $aauu-------- 200 1 $aAnnuario anni ... R. Scuola di Viticoltura e di Enologia di Cagliari 207 1$a1889-1903 210 $aConegliano$c[s.n.] 517 0 $aAnnuario per gli anni scolastici.... R. Scuola di Viticoltura e di Enologia di Cagliari 530 0 $aAnnuario anni ... R. Scuola di Viticoltura e di Enologia di Cagliari 675 $a634.8 675 $a663.2 712 02$aScuola di viticoltura e di enologia$c 801 0$aIT$bACNP$c20090723 859 4 $uhttp://acnp.cib.unibo.it/cgi-ser/start/it/cnr/dc-p1.tcl?catno=73668&person=false&language=ITALIANO&libr=&libr_th=unina1$zBiblioteche che possiedono il periodico 901 $aSE 912 $a990008902560403321 958 $aBiblioteca Centralizzata. Facoltà di Agraria dell'Università Federico II di Napoli$b1889-1892;1898-1903.$fFAGBC 959 $aFAGBC 996 $aAnnuario anni ... R. Scuola di Viticoltura e di Enologia di Cagliari$9800833 997 $aUNINA AP1 8 $6866-01$aNA087 Biblioteca Centralizzata. Facoltà di Agraria dell'Università Federico II di Napoli$ev. Università, 100 Palazzo Reale, 80055 Portici (NA)$m081-2539322$m081-7760229$nit AP2 40$aacnp.cib.unibo.it$nACNP Italian Union Catalogue of Serials$uhttp://acnp.cib.unibo.it/cgi-ser/start/it/cnr/df-p.tcl?catno=73668&language=ITALIANO&libr=&person=&B=1&libr_th=unina&proposto=NO